Чехословацкие и польские офицеры во время переговоров : фотография

RUSMARC
00003623ckm0a2200241#x 450
00164c14bfa-9f14-4e4b-9e60-b17280322c22
00520200414142713.0
100##$a20200401j193810##k###0rusy50 ca
102##$aCZ
$aPL
1220#$ad193810####
2001#$aЧехословацкие и польские офицеры во время переговоров : фотография
$j[октябрь 1938 г.]
251##$cДокумент
461#0$12001
$aРГАКФД
$1251
$cФонд
$1852
$jРГАКФД
462#0$12001
$aОп. 1
$1251
$cОпись
$1852
$j1
462#0$12001
$aАл. 4048
$vСн. 103
$1251
$cДело
$1852
$j4048
605##$aВторая мировая война в архивных документах (Комплекс оцифрованных архивных документов, кино- и фотоматериалов)
$lколлекция
$2prlib_sh
$3LIBNET\UAF\0000088514
617##$aПольша
$f1938
$2prlib_sh
617##$aЧехословакия
$f1938
$2prlib_sh
801#0$aRU
$bПБ им. Б.Н. Ельцина
$c20200401
801#1$aRU
$bПБ им. Б.Н. Ельцина
$c20200401
$2rusmarc
801#2$aRU
$bПБ им. Б.Н. Ельцина
$c20200414
$2rusmarc
850##$aРоссийский государственный архив кинофотодокументов
852##$aРГАКФД
$jСн. 103
035##$aLIBNET\0001068047
937##$d144020126
$hРоссийский государственный архив кинофотодокументов
8564#$uhttp://readingroom.main.prlib.ru/item.aspx?id_node=n144020126&mode=full
Формат отображения